| 000 | 00544nam a2200181 4500 | ||
|---|---|---|---|
| 001 | 107112 | ||
| 003 | ES-MaACL | ||
| 005 | 20230906184341.0 | ||
| 007 | t| | ||
| 008 | 061121s1979 sp r ||||1| spa d | ||
| 100 | 1 |
_aMorgan, Elaine. _983516 |
|
| 245 | 1 | 3 |
_aLa ciudad en crisis / _cElaine Morgan; traducción de Emma Kestelboim, Jorge Moreo. |
| 260 |
_aBarcelona : _bPomaire, _c1979. |
||
| 300 |
_a332 p. : _bil. ; _c21 cm. |
||
| 700 | 1 |
_aKestelboim, Emma. _967953 |
|
| 700 | 1 |
_aMoreo, Jorge. _983454 |
|
| 852 |
_aES-MaACL _jC-3323 _bR.997873 |
||
| 999 |
_c107112 _d107112 |
||